000 00314nam a2200121Ia 4500
008 180117s9999 xx 000 0 und d
100 _aby Wanggo Gallaga
245 _aWords and Moving Pictures
260 _c2017
300 _a22-24 pages, 2017 November 12
440 _aPhilippine Panorama
650 _aPICTURES
999 _c353301
_d353301